000 00874cam a22002897a 4500
003 CHAP
005 20230629062632.0
008 971013s1922 r 00010 d
010 _a43838
011 _a44810
035 _a48949
040 _cCHAP
090 _aFolleto 6134
100 0 0 _aRamírez, Román.
_994368
245 0 _aEnfermedades y parasitología de la papa
260 _aMéxico, D. F. :
_bDirección General de Agricultura,
_c1922
300 _a35 p.
_b: ilus.
590 _aBATCH-UPD
_b10
_c20130110
_lUCH01
_h0325
590 _aBATCH-UPD
_b10
_c20130409
_lUCH01
_h2358
590 _aBATCH-UPD
_b10
_c20130914
_lUCH01
_h1858
590 _aCONVERSION
_b10
_c20130109
_lUCH01
_h1324
650 1 7 _aPapas
_xEnfermedades
_2
_985227
650 1 4 _aPapa
_xPlagas.
_985270
901 _aBK
942 _cFOLL
949 _aFolleto 6134
_bBC
_cBPP
_d-110593
_eBPP
_i48949
_mD
_sb
999 _c43838
_d43838